| 000 | 01370naa a22003857a 4500 | ||
|---|---|---|---|
| 001 | BR8804072 | ||
| 003 | BR-BrBNA | ||
| 005 | 20240918180157.0 | ||
| 007 | ta | ||
| 008 | 230509b bl.||||| |||| 00| 0 por d | ||
| 040 |
_aBR-BrBNA _bpor _cBiblioteca Nacional de Agricultura |
||
| 041 | _a(Pt) | ||
| 072 |
_aF62; F63; F60 _b2480 |
||
| 090 | _aF62 BR8804072 | ||
| 100 | 1 | _aCastro, P.R.C. | |
| 245 | 1 | _aEcofisiologia da seringueira | |
| 246 | 1 | _a[Ecophisiology of Hevea brasiliensis] | |
| 246 | 1 | _a[Ecophisiology of plant production] | |
| 260 | 3 |
_aPiracicaba, SP (Brasil): _c1987. |
|
| 500 | _aCastro, P.R.C.; Ferreira, S.O.; Yamada, T. (eds.) Ecofisiologia da Producao Agricola Piracicaba, SP (Brasil): 1987. p. 165-183 (BR8804072-AM)F62 | ||
| 650 | _aSERINGUEIRA | ||
| 650 | _aGERMINACAO | ||
| 650 | _aREPRODUCAO VEGETAL | ||
| 650 | _aRAIZ | ||
| 650 | _aNUTRICAO VEGETAL | ||
| 650 | _aCRESCIMENTO | ||
| 650 | _aFOTOSSINTESE | ||
| 650 | _aRELACAO AGUA-PLANTA | ||
| 650 | _aLATEX | ||
| 650 | _aFLORACAO | ||
| 650 | _aFRUTIFICACAO | ||
| 773 | 0 |
_tEcofisiologia da Producao Agricola _aCastro, P.R.C.; Ferreira, S.O.; Yamada, T. (eds.). Associacao Brasileira para Pesquisa da Potassa e do Fosfato, Piracicaba, SP (Brasil) _wF62 BR8804072 _gPiracicaba, SP (Brasil), 1987. p. 165-183 |
|
| 909 |
_a202404 _bLucia _c55 _dLucia Elande |
||
| 942 |
_cAM _2AGRIS |
||
| 999 |
_c319408 _d319408 |
||